|
|
|
|
| LEADER |
00000nam0a2200000 4500 |
| 001 |
55885 |
| 005 |
20231101211554.0 |
| 035 |
|
|
|a (RuTPU)RU\TPU\book\58666
|
| 090 |
|
|
|a 55885
|
| 100 |
|
|
|a 20030923d1975 km y0rusy50 ca
|
| 101 |
0 |
|
|a rus
|
| 102 |
|
|
|a RU
|
| 105 |
|
|
|a a z 001zy
|
| 200 |
1 |
|
|a Асинхронные электродвигатели
|f Ю. Ф. Архипцев
|
| 210 |
|
|
|a Москва
|c Энергия
|d 1975
|
| 215 |
|
|
|a 97 с.
|c ил.
|
| 225 |
1 |
|
|a Библиотека электромонтера
|v Вып. 426
|
| 320 |
|
|
|a Библиогр.: с. 96
|
| 606 |
|
|
|a Асинхронные электродвигатели
|2 stltpush
|3 (RuTPU)RU\TPU\subj\29522
|9 52832
|
| 610 |
1 |
|
|a электроэнергетика
|
| 610 |
1 |
|
|a конструкция
|
| 610 |
1 |
|
|a рабочие характеристики
|
| 610 |
1 |
|
|a механические характеристики
|
| 610 |
1 |
|
|a вращающие моменты
|
| 610 |
1 |
|
|a трехфазные асинхронные двигатели
|
| 610 |
1 |
|
|a частота вращения
|
| 610 |
1 |
|
|a регулирование
|
| 610 |
1 |
|
|a эксплуатация
|
| 675 |
|
|
|a 621.313.333
|v 3
|
| 700 |
|
1 |
|a Архипцев
|b Ю. Ф.
|g Юрий Федорович
|
| 801 |
|
1 |
|a RU
|b 63413507
|c 20030923
|g PSBO
|
| 801 |
|
2 |
|a RU
|b 63413507
|c 20201013
|g PSBO
|
| 942 |
|
|
|c BK
|